Informačné potreby manažéra

Podniky dennodenne produkujú obrovské množstvá informácií. A aj napriek tomu sa veľa podnikových manažérov sťažuje, že nemá dostatok relevantných informácií potrebných pre svoje každodenné rozhodovanie. Najviac sa títo manažéri sťažujú na skutočnosti, že informácie sú príliš rozptýlené v rôznych pod...

Descrizione completa

Salvato in:
Dettagli Bibliografici
Autore principale: Dugas, Jaroslav, 1967-
Altri autori: Ferencz, Vojtech
Natura: Capitolo di libro
Lingua:slovacco
Soggetti:
Tags: Aggiungi Tag
Nessun Tag, puoi essere il primo ad aggiungerne!!

MARC

LEADER 00000naa$a2200000$$$4500
001 0290106
005 20240502074442.8
041 0 |a slo 
044 |a SK 
245 1 0 |a Informačné potreby manažéra  |c Jaroslav Dugas, Vojtech Ferencz 
520 |a Podniky dennodenne produkujú obrovské množstvá informácií. A aj napriek tomu sa veľa podnikových manažérov sťažuje, že nemá dostatok relevantných informácií potrebných pre svoje každodenné rozhodovanie. Najviac sa títo manažéri sťažujú na skutočnosti, že informácie sú príliš rozptýlené v rôznych podnikových databázach a preto je veľmi obtiažné získavať odpovede aj na tie najjednoduchšie otázky. Niekedy veľmi dôležité informácie sú často utajované nielen pred podriadenými pracovníkmi, ale aj pred manažérmi v iných funkčných oblastiach, poprípade dôležité informácie prichádzajú neskoro. Zámerom príspevku je zdôraznenie informačnej potreby manažérov, ktorá je nevyhnutná pre ich každodenné rozhodovanie. 
610 2 0 |a informácie 
610 2 0 |a manažéri 
610 2 0 |a podnik 
610 2 0 |a rozhodovanie manažérske 
100 1 |a Dugas, Jaroslav, 1967- 
700 1 |a Ferencz, Vojtech